Every 100,000+ City in Tunisia in Order - Statistics

General Stats
  • This quiz has been taken 30 times
    4 since last reset
  • The average score is 5 of 32
Answer Stats
Letter Population City % Correct
S 1,080,540 Sfax
100%
S 842,065 Sousse
100%
T 2,743,016 Tunis
100%
B 344,298 Bizerte
50%
G 182,023 Gabès
50%
K 241,725 Kairouan
50%
K-H 253,641 Ksar Hellal
50%
A 148,059 Ariana
0%
B-A 206,811 Ben Arous
0%
D-H 110,405 Douar Hicher
0%
E-M 142,097 El Mourouj
0%
E 176,924 Ettadhamen
0%
E-Z 114,264 Ez Zahra
0%
G 127,056 Gafsa
0%
H-S 131,812 Houmt Souk
0%
K 125,357 Kasserine
0%
L-G 110,414 La Goulette
0%
L-M 164,489 La Marsa
0%
L-S 140,307 La Soukra
0%
M 102,470 Mahdia
0%
M 106,008 Manouba
0%
M 103,095 Médenine
0%
M 118,102 Mnihla
0%
M-F 135,470 Mohammedia-Fouchana
0%
M 155,030 Monastir
0%
M 118,930 M'saken
0%
N 152,912 Nabeul‎
0%
R 133,630 Raoued
0%
S-E 120,348 Sakiet Ezzit
0%
S-B 101,541 Sidi Bouzid
0%
S-H 178,338 Sidi Hassine
0%
T 105,242 Tataouine
0%
No matching quizzes found
Score Distribution
Percent of People with Each Score
Percentile by Number Answered
Your Score History
You have not taken this quiz since the last reset